| 000 | 00831nam a2200217 a 4500 | ||
|---|---|---|---|
| 999 |
_c11481 _d11481 |
||
| 001 | 11481 | ||
| 003 | BD-JhCC | ||
| 005 | 20211004134021.0 | ||
| 008 | 190626b 2004bg |||| ||a| 000 0 ben d | ||
| 035 | _a(BD-JhCC)11481 | ||
| 040 |
_aBD-JhCC _dBD-JhCC |
||
| 041 | _aben | ||
| 082 |
_a297 _bELI 2004 |
||
| 100 | _aইলিয়াছ, মাওলানা মুহাম্মদ | ||
| 245 |
_aগল্পে গল্পে উপদেশ: _bইসলামী গল্প সিরিজ / _cমাওলানা মুহাম্মদ ইলিয়াছ । |
||
| 260 |
_aঢাকা: _bনাদিয়াতুল কুরআন প্রকাশনী; _c২০০৪. |
||
| 300 |
_a৮০ পৃ. : _c২২ সেমি. |
||
| 650 | _aIslamic Story | ||
| 942 |
_2ddc _cBK _09 |
||